[Event "Xtracon Grandmaster "]
[Site "Koge"]
[Date "2013.10.18"]
[Round "6"]
[White "Andersen, Morten"]
[Black "Fries Nielsen, Jens Ove"]
[Result "0-1"]
[WhiteElo "2153"]
[BlackElo "2386"]
[PlyCount "104"]
[EventDate "2013.10.14"]
[EventType "swiss"]
[EventRounds "9"]
[EventCountry "DEN"]
[Source "ChessBase"]
[SourceDate "2013.11.20"]

1. d4 c5 2. d5 g6 3. c4 d6 4. g3 Bg7 5. Nf3 e6 6. Nc3 Ne7 7. Bg2 exd5 8. cxd5
O-O 9. O-O Na6 10. Nd2 Nc7 11. e4 b5 12. Re1 b4 13. Ne2 Ba6 14. a3 Rb8 15. axb4
Rxb4 16. Nc3 f5 17. Bf1 Bxf1 18. Nxf1 fxe4 19. Rxa7 Nc8 20. Ra2 Qf6 21. Be3 Qf5
22. g4 Qf7 23. Ng3 Re8 24. Rf1 Nb6 25. Ra7 Nc8 26. Ra2 Qf3 27. Ngxe4 Qxd1 28.
Rxd1 Rbxe4 29. Nxe4 Rxe4 30. Bxc5 Rxg4+ 31. Kf1 Be5 32. Be3 Ne7 33. h3 Rb4 34.
Ra5 Rxb2 35. Bg5 Nexd5 36. Raxd5 Nxd5 37. Rxd5 Kf7 38. Be3 Ke6 39. Ra5 d5 40.
Ra4 Rc2 41. Kg2 Kf5 42. Rh4 h5 43. Ra4 Rc4 44. Ra6 d4 45. Bh6 Rc2 46. Kf3 g5
47. Ra5 g4+ 48. hxg4+ hxg4+ 49. Kg2 Ke4 50. Kf1 Rb2 51. Ra3 d3 52. Bg5 Bd4 0-1

[Event "Xtracon Grandmaster "]
[Site "Koge"]
[Date "2013.10.18"]
[Round "6"]
[White "Antonsen, Mikkel"]
[Black "Ulibin, Mikhail"]
[Result "1-0"]
[WhiteElo "2449"]
[BlackElo "2523"]
[PlyCount "63"]
[EventDate "2013.10.14"]
[EventType "swiss"]
[EventRounds "9"]
[EventCountry "DEN"]
[Source "ChessBase"]
[SourceDate "2013.11.20"]

1. d4 e6 2. c4 f5 3. Nf3 Nf6 4. Nc3 Bb4 5. Bd2 b6 6. g3 Bb7 7. Bg2 O-O 8. O-O
Qe7 9. d5 Bxc3 10. Bxc3 Ne4 11. Qd4 b5 12. Nd2 Nxc3 13. Qxc3 b4 14. Qe3 d6 15.
Nb3 c5 16. f4 a5 17. a4 Nd7 18. Qxe6+ Qxe6 19. dxe6 Bxg2 20. Kxg2 Nb6 21. Nd2
Rae8 22. e4 fxe4 23. f5 e3 24. Ne4 Nxc4 25. b3 e2 26. Rf3 d5 27. Nxc5 Ne5 28.
Rf2 Rc8 29. Rxe2 Rxf5 30. Nb7 Rh5 31. Nd6 Rc7 32. Rae1 1-0

[Event "Xtracon Grandmaster "]
[Site "Koge"]
[Date "2013.10.18"]
[Round "6"]
[White "Bengtsson, Tage"]
[Black "Rendlev, Niels Moller"]
[Result "1-0"]
[WhiteElo "2099"]
[BlackElo "1818"]
[PlyCount "99"]
[EventDate "2013.10.14"]
[EventType "swiss"]
[EventRounds "9"]
[EventCountry "DEN"]
[Source "ChessBase"]
[SourceDate "2013.11.20"]

1. d4 f5 2. g3 Nf6 3. Bg2 d5 4. Nh3 e6 5. O-O Be7 6. b3 O-O 7. c4 c6 8. Nd2 Ne4
9. Bb2 Nd7 10. f3 Ng5 11. Qc2 Nxh3+ 12. Bxh3 Nf6 13. e4 dxe4 14. fxe4 Ng4 15.
Bxg4 fxg4 16. Rxf8+ Bxf8 17. Rf1 Qg5 18. c5 Bd7 19. Nc4 Be8 20. Qc1 Qxc1 21.
Rxc1 Rd8 22. Kf2 g6 23. Rb1 h5 24. Bc3 Bg7 25. Ke3 Rd7 26. Rf1 Bh6+ 27. Ke2 Bg7
28. Nd6 Bf7 29. a4 e5 30. dxe5 Bxb3 31. a5 Ba4 32. e6 Re7 33. Bxg7 Kxg7 34.
Rf7+ Rxf7 35. exf7 Bb3 36. Nxb7 Bxf7 37. Ke3 Kf6 38. Kd4 Be6 39. Nd6 g5 40. e5+
Ke7 41. Ne4 h4 42. Nxg5 hxg3 43. hxg3 Bd5 44. Ke3 Bc4 45. Kf4 Be2 46. Kf5 Kd7
47. Kf6 Bf3 48. e6+ Ke8 49. Nf7 Bd5 50. Nd6+ 1-0

[Event "Xtracon Grandmaster "]
[Site "Koge"]
[Date "2013.10.18"]
[Round "6"]
[White "Christensen, Casper"]
[Black "Akdag, Dara Sevkan"]
[Result "0-1"]
[WhiteElo "1977"]
[BlackElo "2278"]
[PlyCount "82"]
[EventDate "2013.10.14"]
[EventType "swiss"]
[EventRounds "9"]
[EventCountry "DEN"]
[Source "ChessBase"]
[SourceDate "2013.11.20"]

1. e4 c5 2. Nf3 d6 3. d4 cxd4 4. Nxd4 Nf6 5. Nc3 g6 6. Bc4 Bg7 7. h3 O-O 8. Bb3
Nc6 9. Be3 Bd7 10. O-O Rc8 11. Re1 Ne5 12. Qe2 a6 13. a4 Rxc3 14. bxc3 Nxe4 15.
f4 Nxc3 16. Qd2 Ne4 17. Qe2 Nc6 18. Qd3 Nc5 19. Qd1 Qa5 20. Nxc6 Bxc6 21. Bd4
Nxb3 22. Bxg7 Qb6+ 23. Kf1 Kxg7 24. cxb3 e6 25. Qd3 Bd5 26. Qc3+ Kg8 27. Rab1
Qc6 28. Qxc6 bxc6 29. b4 f6 30. Kf2 Rb8 31. g3 Kf7 32. Ke3 e5 33. Kd2 Ke6 34.
Kc3 Bg2 35. h4 d5 36. Rb2 Be4 37. Rf1 Bf5 38. Rff2 Kd6 39. a5 d4+ 40. Kc4 Be6+
41. Kd3 Kd5 0-1

[Event "Xtracon Grandmaster "]
[Site "Koge"]
[Date "2013.10.18"]
[Round "6"]
[White "Christophersen, David"]
[Black "Jacobsen, Mikkel Manosri"]
[Result "0-1"]
[WhiteElo "1811"]
[BlackElo "1928"]
[PlyCount "54"]
[EventDate "2013.10.14"]
[EventType "swiss"]
[EventRounds "9"]
[EventCountry "DEN"]
[Source "ChessBase"]
[SourceDate "2013.11.20"]

1. d4 Nf6 2. c4 c6 3. Nc3 d5 4. e3 e6 5. Nf3 Bd6 6. Bd3 O-O 7. O-O Nbd7 8. Qc2
Qe7 9. Re1 Re8 10. b3 e5 11. e4 dxc4 12. bxc4 exd4 13. Nxd4 Ne5 14. Nf5 Bxf5
15. exf5 Nf3+ 16. gxf3 Qxe1+ 17. Kg2 Qe5 18. f4 Qe7 19. Bd2 Qc7 20. Kf3 Nh5 21.
Rg1 Bxf4 22. f6 Bxd2 23. Bxh7+ Kh8 24. fxg7+ Nxg7 25. Qxd2 Kxh7 26. Qg5 Qe5 27.
Qh4+ Qh5+ 0-1

[Event "Xtracon Grandmaster "]
[Site "Koge"]
[Date "2013.10.18"]
[Round "6"]
[White "Danielsen, Henrik"]
[Black "Lund, Silas"]
[Result "1-0"]
[WhiteElo "2501"]
[BlackElo "2416"]
[PlyCount "67"]
[EventDate "2013.10.14"]
[EventType "swiss"]
[EventRounds "9"]
[EventCountry "DEN"]
[Source "ChessBase"]
[SourceDate "2013.11.20"]

1. Nf3 d5 2. c4 d4 3. g3 Nc6 4. Bg2 e5 5. O-O Nf6 6. d3 Bd6 7. e3 O-O 8. exd4
Nxd4 9. Nxd4 exd4 10. Bg5 h6 11. Bxf6 Qxf6 12. Nd2 c6 13. a3 a5 14. Qc2 a4 15.
Rfe1 Rd8 16. Re2 Bf8 17. Rae1 Bg4 18. f3 Be6 19. f4 Bg4 20. Bf3 Bd7 21. Re5 Qg6
22. Bh5 Qd6 23. c5 Qc7 24. Bxf7+ Kxf7 25. Qc4+ Kg6 26. Nf3 Re8 27. Qg8 Be7 28.
Re6+ Bxe6 29. Rxe6+ Bf6 30. Nh4+ Kh5 31. Qh7 Qf7 32. Qf5+ g5 33. h3 Qxe6 34.
Qg6# 1-0

[Event "Xtracon Grandmaster "]
[Site "Koge"]
[Date "2013.10.18"]
[Round "6"]
[White "Degerfeldt, Sven"]
[Black "Ottesen, Soren Rud"]
[Result "1-0"]
[WhiteElo "1929"]
[BlackElo "1757"]
[PlyCount "56"]
[EventDate "2013.10.14"]
[EventType "swiss"]
[EventRounds "9"]
[EventCountry "DEN"]
[Source "ChessBase"]
[SourceDate "2013.11.20"]

1. d4 e6 2. c4 d5 3. Nc3 Bb4 4. e3 Nf6 5. Nf3 c5 6. Bd3 O-O 7. O-O Bxc3 8. bxc3
dxc4 9. Bxc4 Qa5 10. Bb2 b5 11. Bd3 c4 12. Bc2 Bb7 13. a4 Nbd7 14. axb5 Qxb5
15. Rb1 Qh5 16. Nd2 Qxd1 17. Rfxd1 Nb6 18. e4 Nfd7 19. Ba3 Rfc8 20. Nf1 Bc6 21.
Bd6 Nf6 22. f3 Na4 23. Bxa4 Bxa4 24. Rdc1 Rc6 25. Bf4 Bb3 26. Nd2 Rb6 27. Rb2
a5 28. Nxc4 Rc6 1-0

[Event "Xtracon Grandmaster "]
[Site "Koge"]
[Date "2013.10.18"]
[Round "6"]
[White "Elzubeir, Omar"]
[Black "Jensen, Jens Amstrup"]
[Result "1/2-1/2"]
[WhiteElo "1448"]
[BlackElo "1646"]
[PlyCount "83"]
[EventDate "2013.10.14"]
[EventType "swiss"]
[EventRounds "9"]
[EventCountry "DEN"]
[Source "ChessBase"]
[SourceDate "2013.11.20"]

1. e4 e6 2. d4 d5 3. e5 c5 4. Bb5+ Bd7 5. Bxd7+ Qxd7 6. c3 Nc6 7. a3 Rc8 8. Be3
c4 9. a4 f6 10. f4 Be7 11. Qh5+ g6 12. Qh3 Na5 13. Ne2 Rc6 14. O-O f5 15. g4
fxg4 16. Qxg4 Nh6 17. Qh3 Nf5 18. Bf2 Nb3 19. Ra2 Ra6 20. Kh1 Bd8 21. Rg1 Rg8
22. Ng3 b5 23. Nxf5 exf5 24. Bh4 Bxh4 25. Qxh4 bxa4 26. Re1 g5 27. fxg5 Rag6
28. Rg1 h6 29. Qe1 hxg5 30. Nd2 g4 31. Nxb3 cxb3 32. Ra1 f4 33. Qe2 Rh6 34.
Raf1 Qf5 35. Qb5+ Kf8 36. Qc5+ Kg7 37. Rxg4+ Rg6 38. Rxg6+ Kxg6 39. Rg1+ Kh5
40. Rxg8 Qe4+ 41. Kg1 Qe3+ 42. Kf1 1/2-1/2

[Event "Xtracon Grandmaster "]
[Site "Koge"]
[Date "2013.10.18"]
[Round "6"]
[White "Fransson, Pia"]
[Black "Hansen, Rasmus Agertoft"]
[Result "0-1"]
[WhiteElo "1558"]
[BlackElo "1940"]
[PlyCount "64"]
[EventDate "2013.10.14"]
[EventType "swiss"]
[EventRounds "9"]
[EventCountry "DEN"]
[Source "ChessBase"]
[SourceDate "2013.11.20"]

1. d4 f5 2. Bf4 Nf6 3. e3 g6 4. h3 Bg7 5. Nf3 O-O 6. c4 d6 7. Be2 h6 8. O-O
Nbd7 9. Nc3 e6 10. Qc2 Nh5 11. Bh2 b6 12. Nd2 Bb7 13. Bf3 Bxf3 14. Nxf3 g5 15.
Kh1 g4 16. Ng1 e5 17. Nce2 c5 18. hxg4 fxg4 19. Qg6 Qg5 20. Qxg5 hxg5 21. Rad1
Ndf6 22. dxe5 Ne4 23. exd6 Rxf2 24. d7 Rxf1 25. d8=Q+ Rxd8 26. Rxd8+ Kf7 27. g3
Rf2 28. Rd1 Be5 29. Rd7+ Kg6 30. Nf4+ gxf4 31. exf4 Nhxg3+ 32. Bxg3 Nxg3# 0-1

[Event "Xtracon Grandmaster "]
[Site "Koge"]
[Date "2013.10.18"]
[Round "6"]
[White "Gade, Jens"]
[Black "Hein, Jacob"]
[Result "0-1"]
[WhiteElo "1619"]
[BlackElo "1459"]
[PlyCount "108"]
[EventDate "2013.10.14"]
[EventType "swiss"]
[EventRounds "9"]
[EventCountry "DEN"]
[Source "ChessBase"]
[SourceDate "2013.11.20"]

1. f4 e5 2. fxe5 d6 3. exd6 Bxd6 4. Nf3 Bg4 5. e3 Nd7 6. Be2 Bxf3 7. Bxf3 Qh4+
8. g3 Bxg3+ 9. hxg3 Qxg3+ 10. Ke2 O-O-O 11. Rg1 Qe5 12. Nc3 Qc5 13. Qf1 Ne5 14.
d4 Qc4+ 15. Kf2 Qxf1+ 16. Rxf1 Nxf3 17. Kxf3 Rd6 18. Ke2 Nf6 19. Nb5 Ra6 20. c4
h5 21. Bd2 Ne4 22. Rxf7 g5 23. Rxc7+ Kb8 24. Be1 Rb6 25. Kd3 Re8 26. b3 a6 27.
Nc3 Nxc3 28. Bg3 Ka7 29. Rf1 Nxa2 30. Rb1 Nb4+ 31. Kd2 Rf6 32. Re1 Rf3 33. Bd6
Nc6 34. d5 Rf2+ 35. Kd3 Ne5+ 36. Bxe5 Rxe5 37. d6 Re8 38. Re7 Rd8 39. d7 Kb6
40. Rd1 Rff8 41. Ke2 Kc7 42. Re8 Rdxe8 43. dxe8=Q Rxe8 44. Rd5 Rg8 45. Kf3 g4+
46. Kg3 Rh8 47. Rg5 Rh7 48. e4 Kd6 49. Kh4 Ke6 50. b4 Rh6 51. c5 Rh7 52. Kg3
h4+ 53. Kxg4 h3 54. Rd5 h2 0-1

[Event "Xtracon Grandmaster "]
[Site "Koge"]
[Date "2013.10.18"]
[Round "6"]
[White "Gleizerov, Evgeny"]
[Black "Hoi, Carsten"]
[Result "1-0"]
[WhiteElo "2545"]
[BlackElo "2393"]
[PlyCount "58"]
[EventDate "2013.10.14"]
[EventType "swiss"]
[EventRounds "9"]
[EventCountry "DEN"]
[Source "ChessBase"]
[SourceDate "2013.11.20"]

1. d4 g6 2. c4 Bg7 3. Nf3 d6 4. Nc3 Nd7 5. e4 e5 6. Be2 Ngf6 7. O-O O-O 8. Be3
exd4 9. Nxd4 Re8 10. f3 a6 11. Qd2 Ne5 12. Rad1 Bd7 13. b3 Qe7 14. Bg5 Qf8 15.
f4 Nc6 16. e5 Ng4 17. Nxc6 bxc6 18. h3 f6 19. Bh4 Nh6 20. exd6 Nf5 21. Bf2 cxd6
22. g4 Ne7 23. Qxd6 Bc8 24. Na4 Qf7 25. Nb6 Ra7 26. Bf3 Kh8 27. Rfe1 Bf8 28.
Nxc8 Nxc8 29. Qxc6 Ne7 1-0

[Event "Xtracon Grandmaster "]
[Site "Koge"]
[Date "2013.10.18"]
[Round "6"]
[White "Hagen, Andreas Skytte"]
[Black "Akesson, Ralf"]
[Result "1/2-1/2"]
[WhiteElo "2421"]
[BlackElo "2465"]
[PlyCount "48"]
[EventDate "2013.10.14"]
[EventType "swiss"]
[EventRounds "9"]
[EventCountry "DEN"]
[Source "ChessBase"]
[SourceDate "2013.11.20"]

1. e4 c5 2. Nf3 e6 3. d4 cxd4 4. Nxd4 Nc6 5. Nc3 Qc7 6. Be3 Nf6 7. f4 Nxd4 8.
Qxd4 b6 9. Be2 Bc5 10. Qd2 Bb4 11. Bf3 Bxc3 12. bxc3 Bb7 13. e5 Nd5 14. O-O Ne7
15. Bxb7 Qxb7 16. a4 Rc8 17. a5 Qc6 18. axb6 axb6 19. Bd4 b5 20. Rab1 Nf5 21.
Qd3 Nxd4 22. cxd4 Qxc2 23. Qxc2 Rxc2 24. Rxb5 Ke7 1/2-1/2

[Event "Xtracon Grandmaster "]
[Site "Koge"]
[Date "2013.10.18"]
[Round "6"]
[White "Johansson, Alexander"]
[Black "Kokholm, Daniel"]
[Result "1/2-1/2"]
[WhiteElo "2049"]
[BlackElo "1905"]
[PlyCount "59"]
[EventDate "2013.10.14"]
[EventType "swiss"]
[EventRounds "9"]
[EventCountry "DEN"]
[Source "ChessBase"]
[SourceDate "2013.11.20"]

1. d4 d6 2. c4 Nf6 3. Nc3 Nbd7 4. Nf3 e5 5. g3 c6 6. Bg2 Be7 7. O-O O-O 8. dxe5
dxe5 9. Qc2 Qc7 10. Rd1 Rd8 11. Nh4 Nf8 12. Rxd8 Qxd8 13. Nf5 Bc5 14. Na4 Bxf5
15. e4 Bxf2+ 16. Qxf2 Qd1+ 17. Bf1 Bh3 18. Nc3 Qxf1+ 19. Qxf1 Bxf1 20. Kxf1 Ne6
21. b4 Rd8 22. a4 Rd4 23. b5 Rxc4 24. Bd2 Nxe4 25. Nxe4 Rxe4 26. bxc6 bxc6 27.
a5 Rd4 28. Be3 Rd7 29. Rb1 f6 30. a6 1/2-1/2

[Event "Xtracon Grandmaster "]
[Site "Koge"]
[Date "2013.10.18"]
[Round "6"]
[White "Larsen, Preben R"]
[Black "Jorgensen, Rasmus"]
[Result "0-1"]
[WhiteElo "1821"]
[BlackElo "2062"]
[PlyCount "118"]
[EventDate "2013.10.14"]
[EventType "swiss"]
[EventRounds "9"]
[EventCountry "DEN"]
[Source "ChessBase"]
[SourceDate "2013.11.20"]

1. c4 g6 2. Nc3 Bg7 3. d4 Nf6 4. e4 d6 5. Nf3 O-O 6. Bg5 c5 7. dxc5 Qa5 8. Qd2
Qxc5 9. Be3 Qa5 10. Nb5 Qxd2+ 11. Nxd2 Nc6 12. Be2 Ng4 13. Bxg4 Bxg4 14. f3 Bd7
15. Rb1 Rfc8 16. Ke2 a6 17. Nc3 Bxc3 18. bxc3 Na5 19. Rb4 Be6 20. Rhb1 b5 21.
cxb5 axb5 22. Rxb5 Nc4 23. Rb7 Nxe3 24. Kxe3 Rxc3+ 25. Kd4 Rc2 26. Rb8+ Rxb8
27. Rxb8+ Kg7 28. Ke3 Rxa2 29. Rb4 f5 30. Rd4 g5 31. g3 Kf6 32. h4 gxh4 33.
exf5 Bxf5 34. Rxh4 Ra3+ 35. Ke2 d5 36. Rb4 Ke5 37. Rb7 Bd3+ 38. Kf2 e6 39. f4+
Kf6 40. Rb6 Ra2 41. Ke3 Bf5 42. Nf3 Ra3+ 43. Kf2 Bg4 44. Ne5 Ra2+ 45. Kg1 h5
46. Nd7+ Kf5 47. Ne5 Re2 48. Rb3 Rxe5 49. fxe5 Kxe5 50. Kf2 d4 51. Ra3 Ke4 52.
Ra4 e5 53. Rb4 Kd3 54. Ra4 e4 55. Ra3+ Kc2 56. Ra2+ Kb3 57. Ra7 e3+ 58. Ke1 d3
59. Rb7+ Kc4 0-1

[Event "Xtracon Grandmaster "]
[Site "Koge"]
[Date "2013.10.18"]
[Round "6"]
[White "Moller, Arne"]
[Black "Smidt Nielsen, Henrik"]
[Result "1-0"]
[WhiteElo "1847"]
[BlackElo "1953"]
[PlyCount "92"]
[EventDate "2013.10.14"]
[EventType "swiss"]
[EventRounds "9"]
[EventCountry "DEN"]
[Source "ChessBase"]
[SourceDate "2013.11.20"]

1. e4 c5 2. Nf3 Nc6 3. d4 cxd4 4. Nxd4 Nf6 5. Nc3 e5 6. Ndb5 d6 7. Bg5 a6 8.
Na3 b5 9. Nd5 Be7 10. Bxf6 gxf6 11. c3 f5 12. Bd3 Be6 13. Nxe7 Nxe7 14. exf5
Bxf5 15. Bxf5 Nxf5 16. Qf3 Ng7 17. Qc6+ Kf8 18. Rd1 Ne8 19. O-O Rg8 20. f4 Qc8
21. Qd5 Qc5+ 22. Qxc5 dxc5 23. fxe5 Rg5 24. Rd7 Rg7 25. Nc2 f6 26. Rd5 Rc8 27.
exf6 Rf7 28. Rdf5 Rc6 29. Ne3 Rfxf6 30. Rxf6+ Rxf6 31. Rxf6+ Nxf6 32. Kf2 Kf7
33. Kf3 Ke6 34. g4 c4 35. g5 Nd7 36. h4 Nc5 37. Kg4 a5 38. Nc2 Kd7 39. Nd4 Na4
40. Nxb5 Nxb2 41. h5 a4 42. Kf5 Nd3 43. Ke4 Ke6 44. Nc7+ Kf7 45. Nd5 a3 46. Kd4
Nf4 1-0

[Event "Xtracon Grandmaster "]
[Site "Koge"]
[Date "2013.10.18"]
[Round "6"]
[White "Molvig, Henrik"]
[Black "Brynell, Stellan"]
[Result "0-1"]
[WhiteElo "2162"]
[BlackElo "2492"]
[PlyCount "56"]
[EventDate "2013.10.14"]
[EventType "swiss"]
[EventRounds "9"]
[EventCountry "DEN"]
[Source "ChessBase"]
[SourceDate "2013.11.20"]

1. d4 e6 2. c4 Nf6 3. Nf3 c5 4. Nc3 cxd4 5. Nxd4 Nc6 6. a3 Nxd4 7. Qxd4 b6 8.
Bf4 Bc5 9. Qd3 O-O 10. b4 Be7 11. e4 a5 12. Rb1 axb4 13. axb4 Bb7 14. Be2 Ra3
15. Qc2 Qa8 16. f3 d5 17. e5 Nd7 18. O-O Rc8 19. Rfd1 Nf8 20. Bc1 Ra7 21. cxd5
Bxd5 22. Qd2 Bc4 23. Ne4 Ra2 24. Rb2 Rxb2 25. Bxb2 Bxe2 26. Qxe2 Bxb4 27. Qb5
Bc5+ 28. Nxc5 bxc5 0-1

[Event "Xtracon Grandmaster "]
[Site "Koge"]
[Date "2013.10.18"]
[Round "6"]
[White "Nielsen, Bjorn"]
[Black "Pondal, Jesper"]
[Result "0-1"]
[WhiteElo "1431"]
[BlackElo "2031"]
[PlyCount "108"]
[EventDate "2013.10.14"]
[EventType "swiss"]
[EventRounds "9"]
[EventCountry "DEN"]
[Source "ChessBase"]
[SourceDate "2013.11.20"]

1. Nc3 c5 2. e4 a6 3. Nf3 d6 4. d3 Nc6 5. b3 g6 6. Be2 Bg7 7. Bb2 e6 8. O-O
Nge7 9. Re1 O-O 10. Rb1 e5 11. Nd5 f5 12. Nxe7+ Qxe7 13. exf5 Bxf5 14. Ra1 Qf6
15. Nd2 Bh6 16. Nc4 Rad8 17. Bg4 Bxg4 18. Qxg4 Qxf2+ 19. Kh1 Rf6 20. Qe2 Qxe2
21. Rxe2 Rdf8 22. Rg1 Nb4 23. a3 Nd5 24. Nd2 Be3 25. Rxe3 Nxe3 26. c4 Ng4 27.
h3 Nf2+ 28. Kh2 Nxd3 29. Bc3 Rf4 30. Nf3 h6 31. Rd1 e4 32. Ne1 Rf1 33. Kg3 Rg1
34. Ra1 Nxe1 35. Ra2 Rxg2+ 36. Rxg2 Nxg2 37. Kxg2 e3 38. Be1 e2 39. b4 Rf1 40.
Bc3 e1=Q 41. Bxe1 Rxe1 42. bxc5 dxc5 43. a4 Re3 44. a5 Kf7 45. Kh2 Kf6 46. Kg2
Kf5 47. h4 Kf4 48. h5 g5 49. Kf2 g4 50. Kg2 Re2+ 51. Kf1 Kf3 52. Kg1 g3 53. Kf1
Re5 54. Kg1 Re1# 0-1

[Event "Xtracon Grandmaster "]
[Site "Koge"]
[Date "2013.10.18"]
[Round "6"]
[White "Nielsen, Kai Gylling"]
[Black "Andersen, Daniel"]
[Result "1-0"]
[WhiteElo "1809"]
[BlackElo "1933"]
[PlyCount "51"]
[EventDate "2013.10.14"]
[EventType "swiss"]
[EventRounds "9"]
[EventCountry "DEN"]
[Source "ChessBase"]
[SourceDate "2013.11.20"]

1. d4 Nf6 2. Nf3 g6 3. c4 Bg7 4. Nc3 d5 5. cxd5 Nxd5 6. e4 Nxc3 7. bxc3 c5 8.
Bb5+ Nd7 9. O-O O-O 10. Be2 Nf6 11. Qc2 b6 12. Rd1 Qc7 13. e5 Nd7 14. Qe4 Bb7
15. Qf4 e6 16. Ng5 h6 17. Ne4 cxd4 18. cxd4 Qc2 19. Bf3 f6 20. Rd2 Qc7 21. Qg3
fxe5 22. Ba3 Rf4 23. Rc1 Qb8 24. Qxg6 Nf6 25. Bd6 Nxe4 26. Bxb8 1-0

[Event "Xtracon Grandmaster "]
[Site "Koge"]
[Date "2013.10.18"]
[Round "6"]
[White "Nielsen, Klaus"]
[Black "Preuss, Flemming"]
[Result "1/2-1/2"]
[WhiteElo "2092"]
[BlackElo "1980"]
[PlyCount "54"]
[EventDate "2013.10.14"]
[EventType "swiss"]
[EventRounds "9"]
[EventCountry "DEN"]
[Source "ChessBase"]
[SourceDate "2013.11.20"]

1. d4 f5 2. Nc3 d5 3. Bf4 c6 4. e3 Nf6 5. Bd3 e6 6. h3 Bd6 7. Nge2 Qe7 8. Bxd6
Qxd6 9. f4 b6 10. O-O Ba6 11. a3 O-O 12. Qe1 c5 13. Bxa6 Nxa6 14. Rd1 Nc7 15.
Qh4 c4 16. g4 b5 17. Ng3 g6 18. Kh1 a5 19. Rg1 Qd7 20. Qg5 Ne4 21. Ncxe4 dxe4
22. gxf5 exf5 23. Kg2 Nd5 24. Kf2 Qe7 25. Qh6 Qg7 26. Qg5 Qe7 27. Qh6 Qg7
1/2-1/2

[Event "Xtracon Grandmaster "]
[Site "Koge"]
[Date "2013.10.18"]
[Round "6"]
[White "Nielsen, Lars Aaes"]
[Black "Eriksson, Kristian"]
[Result "1-0"]
[WhiteElo "2268"]
[BlackElo "2093"]
[PlyCount "75"]
[EventDate "2013.10.14"]
[EventType "swiss"]
[EventRounds "9"]
[EventCountry "DEN"]
[Source "ChessBase"]
[SourceDate "2013.11.20"]

1. e4 e5 2. Nf3 Nc6 3. Bb5 a6 4. Bxc6 dxc6 5. O-O Bd6 6. d4 exd4 7. Nxd4 Ne7 8.
Nc3 O-O 9. Be3 c5 10. Nde2 Be6 11. Nf4 Bc4 12. Nd3 Ng6 13. f4 f6 14. b3 Bxd3
15. Qxd3 b6 16. g3 Kh8 17. a4 Qe8 18. Rfe1 Qc6 19. Rad1 Rfe8 20. Qc4 Qb7 21. h4
h6 22. Bc1 Rad8 23. h5 Nf8 24. Nd5 Qc8 25. Kg2 Qb7 26. Bb2 Nd7 27. Qe2 b5 28.
axb5 axb5 29. c4 b4 30. Qf3 Ra8 31. Re2 Qc8 32. Qg4 Qd8 33. Rdd2 Qc8 34. Kh2
Ra2 35. Bxf6 gxf6 36. Rxa2 Rg8 37. Qf5 Qd8 38. Rad2 1-0

[Event "Xtracon Grandmaster "]
[Site "Koge"]
[Date "2013.10.18"]
[Round "6"]
[White "Nielsen, Peter Heine"]
[Black "Kjartansson, Gudmundur"]
[Result "1/2-1/2"]
[WhiteElo "2649"]
[BlackElo "2447"]
[PlyCount "90"]
[EventDate "2013.10.14"]
[EventType "swiss"]
[EventRounds "9"]
[EventCountry "DEN"]
[Source "ChessBase"]
[SourceDate "2013.11.20"]

1. Nf3 Nf6 2. c4 e6 3. d4 d5 4. Bg5 h6 5. Bxf6 Qxf6 6. Nbd2 Qd8 7. g3 Be7 8.
Bg2 O-O 9. O-O Nd7 10. Rc1 c5 11. dxc5 Nxc5 12. b4 Ne4 13. Qb3 a5 14. a3 axb4
15. axb4 Qb6 16. c5 Nxd2 17. Nxd2 Qa6 18. e4 Qa2 19. Rfd1 Qxb3 20. Nxb3 Ra4 21.
exd5 exd5 22. c6 Rxb4 23. cxb7 Rxb7 24. Bxd5 Ra7 25. Nd4 Bg5 26. Rb1 Rd7 27.
Nc6 Bf6 28. Bf3 Rxd1+ 29. Rxd1 Re8 30. Kg2 g6 31. Nb4 Kg7 32. Nd5 Be5 33. Re1
Kf8 34. Nb6 Bf5 35. g4 Bd4 36. Rxe8+ Kxe8 37. gxf5 Bxb6 38. fxg6 fxg6 39. h4
Kf7 40. h5 gxh5 41. Bxh5+ Kf6 42. f3 Bc5 43. Bg4 Bb6 44. Bh3 Ba5 45. Bc8 Bb6
1/2-1/2

[Event "Xtracon Grandmaster "]
[Site "Koge"]
[Date "2013.10.18"]
[Round "6"]
[White "Nilssen, John Arni"]
[Black "Malmqvist, Glenn"]
[Result "1-0"]
[WhiteElo "2360"]
[BlackElo "2102"]
[PlyCount "61"]
[EventDate "2013.10.14"]
[EventType "swiss"]
[EventRounds "9"]
[EventCountry "DEN"]
[Source "ChessBase"]
[SourceDate "2013.11.20"]

1. d4 Nf6 2. c4 g6 3. f3 Bg7 4. e4 d6 5. Ne2 O-O 6. Bg5 c5 7. d5 b5 8. cxb5 a6
9. Nec3 Nfd7 10. a4 f5 11. Qd2 fxe4 12. Nxe4 Ne5 13. Ra3 Bd7 14. Be2 c4 15. O-O
axb5 16. axb5 Rxa3 17. Nxa3 Qb6+ 18. Kh1 Re8 19. Be3 Qb7 20. f4 Ng4 21. Bg1 Bf5
22. Nc3 Nd7 23. Nxc4 Nc5 24. Na5 Qc7 25. Nc6 Nf6 26. Bf3 Qb7 27. Re1 Nd3 28.
Ra1 Nc5 29. Ra7 Qc8 30. Bxc5 dxc5 31. Nxe7+ 1-0

[Event "Xtracon Grandmaster "]
[Site "Koge"]
[Date "2013.10.18"]
[Round "6"]
[White "Olsen, Michael Richard W"]
[Black "Pedersen, Hans Dahl"]
[Result "0-1"]
[WhiteElo "1967"]
[BlackElo "2187"]
[PlyCount "68"]
[EventDate "2013.10.14"]
[EventType "swiss"]
[EventRounds "9"]
[EventCountry "DEN"]
[Source "ChessBase"]
[SourceDate "2013.11.20"]

1. e4 c5 2. b4 cxb4 3. a3 bxa3 4. Nxa3 d6 5. c3 Nf6 6. Qc2 g6 7. Nf3 Nc6 8. d4
Bg7 9. Bd3 O-O 10. O-O Bg4 11. Rb1 Bxf3 12. gxf3 b6 13. Re1 Rc8 14. Qa4 Na5 15.
Bd2 Nd7 16. Ba6 Ra8 17. Bb5 Nb8 18. Be3 a6 19. Bf1 b5 20. Nxb5 axb5 21. Rxb5
Nd7 22. Reb1 Nc6 23. Qc4 Rc8 24. Qd5 Nf6 25. Qa2 Rb8 26. c4 Nd7 27. e5 dxe5 28.
d5 Nd4 29. Bxd4 Rxb5 30. Rxb5 exd4 31. c5 Be5 32. f4 Bxf4 33. Bg2 d3 34. Bf3
Qc7 0-1

[Event "Xtracon Grandmaster "]
[Site "Koge"]
[Date "2013.10.18"]
[Round "6"]
[White "Ozkan, Salih"]
[Black "Prosviriakov, Vladimir"]
[Result "0-1"]
[WhiteElo "1797"]
[BlackElo "2300"]
[PlyCount "48"]
[EventDate "2013.10.14"]
[EventType "swiss"]
[EventRounds "9"]
[EventCountry "DEN"]
[Source "ChessBase"]
[SourceDate "2013.11.20"]

1. e4 e5 2. Nf3 Nc6 3. Bc4 d6 4. d4 exd4 5. Nxd4 g6 6. O-O Bg7 7. Nxc6 bxc6 8.
Nc3 Ne7 9. Bg5 h6 10. Qf3 O-O 11. Bf6 Be6 12. Bxg7 Kxg7 13. Qd3 d5 14. Bb3 Qb8
15. Qd4+ Kh7 16. Qc5 Qe8 17. Rfe1 Qd7 18. Rad1 Rfd8 19. exd5 cxd5 20. Ne4 Ng8
21. Rd4 Qe7 22. Red1 dxe4 23. Qxe7 Rxd4 24. Qxf7+ Bxf7 0-1